000
00258nam a2200109Ia 4500
008
200302s9999 xx 000 0 und d
100
_a
Robin Cohen & Other
245
_a
Global Sociology
260
_b
Published By Palgrave
260
_c
2000
300
_a
408 P.,
999
_c
5488
_d
5488